Estadísticas para Capitales de África

Haz click aquí para intentar la prueba.

Estadísticas generales

  • Esta prueba ha sido intentada 84 veces
  • La puntuación promedio es 29 de 53

Estadísticas de respuestas

HintRespuesta% Correcto
MarruecosRabat
100%
ArgeliaArgel
98%
TúnezTunez
98%
EgiptoEl cairo
93%
LibiaTrípoli
86%
SenegalDakar
74%
AngolaLuanda
71%
KeniaNairobi
71%
Yibutiyibuti
69%
MalíBamako
67%
Guinea bissauBissau
67%
Sierra leonaFreetown
67%
EtiopíaAdis abeba
64%
SudánJartum
64%
EritreaAsmara
62%
TogoLomé
62%
NígerNiamey
62%
GhanaAccra
60%
República del congoBrazzaville
60%
MozambiqueMaputo
60%
MauritaniaNuakchot
60%
MadagascarAntananarivo
57%
SomaliaMogadiscio
57%
BenínPorto-novo
57%
Santo tomé y príncipeSanto tomé
57%
CamerúnYuandé
57%
Sudán del surYuba
57%
TanzaniaDodoma
55%
LiberiaMonrovia
55%
NigeriaAbuya
52%
GambiaBanjul
52%
GabonLibreville
52%
República centroafricanaBangui
50%
RuandaKigali
50%
Cabo verdePraia
50%
UgandaKampala
48%
ZambiaLusaka
48%
Guinea ecuatorialMalabo
48%
SudáfricaPretoria
48%
SeychellesVictoria
48%
ComorasMoroni
45%
BotsuanaGaborone
43%
ZimbabueHarare
43%
NamibiaWindhoek
43%
MauricioPort louis
40%
SuazilandiaMbabane
38%
República democrática del congoKinshasa
33%
LesotoMaseru
33%
GuineaConakry
29%
ChadN'Djamena
29%
MalauiLilongwe
19%
Costa de marfilYamoussoukro
17%
BurundiBujumbura
14%

Distribución de puntuación

Porcentaje por número respondido

Porcentaje de gente con cada puntuación

Historial de tus puntuaciones

No has intentado esta prueba.